LDR 01510nam a2200325 i 4500 001 000000138708 003 CaOOAMICUS 005 20260504121302.0 008 050513s2005 it u000 u ita u 013 $a112663 020 $a88-07-10379-6 040 $aSeMil$bita 100 1 $aBerlin, Isaiah,$d<1909-1997>.$0(OLS)http://semarc/name/17496 240 10$aLiberty.$0(OLS)http://semarc/title/459518 245 10$aLibertà /$cIsaiah Berlin ; a cura di Henry Hardy ; con un saggio di Ian Harris su Berlin e i suoi critici ; edizione italiana a cura di Mario Ricciardi ; traduzione di G. Rigamonti e M. Santambrogio. 260 $aMilano :$bFeltrinelli,$c2005. 300 $a418 p. ;$c22 cm. 650 4$aLibertà.$0(OLS)http://semarc/subject/2732 700 1 $aHardy, Henry,$d<1949- >.$0(OLS)http://semarc/name/45884 700 1 $aHarris, Ian,$d<1963- >.$0(OLS)http://semarc/name/56136 700 1 $aRicciardi, Mario,$d<1967- >.$0(OLS)http://semarc/name/11066 700 1 $aRigamonti, Gianlazzaro,$d<1940- >.$0(OLS)http://semarc/name/47464 700 1 $aSantambrogio, Marco,$d<1946- >.$0(OLS)http://semarc/name/54209 850 $aSeMil 852 $aSeMil$W1$xVenegono$y1$m2G III 66$j271284$B92190$CSeMilBibl$Z2$F97314 $81 961 $aAcquisto: Àncora (Libreria) 996 $6020$a88-07-10379-6$9(OLS)http://semarc/number/126658 996 $6245$aLibertà$9(OLS)http://semarc/title/202774 996 $6260$aMilano :$bFeltrinelli$9(OLS)http://semarc/publisher/30237